[Event "12. Online Aktivschach WM"]
[Site "Schachcomputer.info"]
[Date "2016.01.25"]
[Round "7.14"]
[White "Mephisto Milano Pro"]
[Black "Fidelity Designer 68030 50 MHz"]
[Result "0-1"]
[WhiteElo "2163"]
[BlackElo "2180"]
[PlyCount "163"]

1. e4 e5 2. Nf3 Nc6 3. Bc4 Bc5 4. d3 Nf6 5. Nc3 d6 6. Bg5 Na5 7. Bb3 Nxb3 8.
axb3 Be6 9. Na4 h6 10. Nxc5 dxc5 11. Bh4 Qd6 12. O-O Nh5 13. Re1 O-O 14. Ra4
Bg4 15. h3 Bd7 16. Ra1 Rfe8 17. Ra2 Qg6 18. Kh1 Nf4 19. Bg3 Qf6 20. Ra5 b6 21.
Ra1 a5 22. Bh4 Qd6 23. Qd2 Ne6 24. Re3 Nf4 25. Bg3 Rad8 26. Ree1 f6 27. Rad1
Bb5 28. Qc3 Nh5 29. Bh2 Rd7 30. Nh4 Nf4 31. Nf5 Qe6 32. Bxf4 exf4 33. d4 cxd4
34. Nxd4 Qe5 35. Nxb5 Qxb5 36. Rxd7 Qxd7 37. b4 axb4 38. Qxb4 Ra8 39. Kh2 Ra4
40. Qb3+ Kh7 41. c3 b5 42. Qc2 Qe6 43. g3 fxg3+ 44. fxg3 Kg8 45. b3 Ra3 46.
Rb1 h5 47. c4 bxc4 48. Qxc4 Qxc4 49. bxc4 Ra4 50. Rc1 Ra2+ 51. Kg1 Re2 52. c5
Rxe4 53. Ra1 Rc4 54. Ra5 Rc2 55. Ra7 Rxc5 56. Kf2 Rc2+ 57. Ke3 Rc3+ 58. Kf2 h4
59. gxh4 Rxh3 60. Rxc7 Rxh4 61. Rd7 Kh7 62. Kg3 Rb4 63. Kf3 f5 64. Rd5 Kg6 65.
Rd7 Re4 66. Rd8 Kf7 67. Rd5 Kf6 68. Rd8 g5 69. Rf8+ Kg6 70. Rg8+ Kh6 71. Rd8
Ra4 72. Rf8 Ra3+ 73. Kg2 f4 74. Kf2 Kh5 75. Ke2 Kg4 76. Rg8 f3+ 77. Kf2 Ra2+
78. Ke3 Re2+ 79. Kd3 Re1 80. Rf8 Kg3 81. Kc3 f2 82. Kd3 0-1

[Event "12. Online Aktivschach WM"]
[Site "Schachcomputer.info"]
[Date "2016.01.11"]
[Round "8.1"]
[White "Tasc CM 32 MHz Gideon 3.1"]
[Black "Tasc R30 V2.5"]
[Result "0-1"]
[WhiteElo "2377"]
[BlackElo "2368"]
[PlyCount "174"]

1. e4 e5 2. Bc4 Nf6 3. f4 Nxe4 4. Nc3 d5 5. Bxd5 Nf6 6. Bc4 Nc6 7. fxe5 Nxe5 8.
Qe2 Qe7 9. Bb5+ c6 10. d4 Ng6 11. Bd3 Bg4 12. Nf3 Qxe2+ 13. Nxe2 Bb4+ 14. Bd2
Bxd2+ 15. Kxd2 O-O 16. Rhf1 Rae8 17. Rae1 Ne4+ 18. Bxe4 Rxe4 19. Ng3 Rxe1 20.
Nxe1 Rd8 21. Kc3 Ne7 22. Nd3 Nd5+ 23. Kd2 Nb6 24. Rf4 Nc4+ 25. Kc3 Ne3 26. Re4
Nd5+ 27. Kd2 Be6 28. c3 Nf6 29. Re1 Bxa2 30. Ra1 Bd5 31. Rxa7 Bxg2 32. Rxb7 c5
33. Rc7 cxd4 34. cxd4 g6 35. Rc4 Ng4 36. h4 Bd5 37. Rc7 Bf3 38. Kc3 Ne3 39. Nf4
Nd1+ 40. Kd3 Nxb2+ 41. Ke3 Ba8 42. Rc2 Na4 43. Kd3 Nb6 44. Rc5 h6 45. Ra5 Bc6
46. Nge2 Rd6 47. Ng3 Rf6 48. Nge2 Bf3 49. Re5 Kf8 50. Rb5 Ke7 51. Re5+ Kd6 52.
Rb5 Nd5 53. Nxd5 Bxd5 54. Nc3 Rf3+ 55. Kd2 Bc4 56. Ne4+ Ke7 57. Rb7+ Ke6 58.
Nc5+ Kd5 59. Rd7+ Kc6 60. Rd8 Rh3 61. Rc8+ Kd6 62. Ne4+ Kd5 63. Nf6+ Kxd4 64.
Rd8+ Ke5 65. Ng4+ Ke6 66. Re8+ Kd6 67. Rd8+ Ke7 68. Rd4 Be6 69. Nf2 Ra3 70. Nd3
g5 71. Ke2 Ra2+ 72. Kf3 f5 73. hxg5 hxg5 74. Nb4 Ra3+ 75. Kg2 Kf6 76. Nd3 Bc8
77. Kf2 Ra2+ 78. Ke3 Ba6 79. Nc5 Re2+ 80. Kf3 g4+ 81. Kf4 Rf2+ 82. Kg3 Rf3+ 83.
Kh2 Bb5 84. Rb4 Bf1 85. Nd7+ Ke6 86. Nf8+ Kd5 87. Nh7 g3+ 0-1

[Event "12. Online Aktivschach WM"]
[Site "Schachcomputer.info"]
[Date "2016.01.08"]
[Round "8.2"]
[White "Revelation II Vancouver"]
[Black "Tasc R30 V2.23"]
[Result "1/2-1/2"]
[WhiteElo "2350"]
[BlackElo "2367"]
[PlyCount "150"]

1. c4 Nf6 2. Nc3 e5 3. Nf3 e4 4. Ng5 b5 5. d3 bxc4 6. dxe4 Nc6 7. e3 Bb4 8.
Bxc4 O-O 9. O-O h6 10. Nf3 Bxc3 11. bxc3 Qe7 12. Qd3 Qxe4 13. Rb1 d5 14. Bb5
Bd7 15. Ba3 Rfb8 16. Qxe4 dxe4 17. Nd2 Ne5 18. Bxd7 Nexd7 19. Rb4 Rxb4 20. cxb4
Rd8 21. Rc1 Ne5 22. Rc2 Nd5 23. b5 f5 24. Kf1 g6 25. Nb3 f4 26. exf4 Nxf4 27.
Nd2 c6 28. bxc6 Nxc6 29. Bc5 Nd4 30. Bxd4 Rxd4 31. g3 Nd5 32. Nb3 Ra4 33. Nc5
Rd4 34. Rb2 Rc4 35. Rb8+ Kf7 36. Rb5 Ne7 37. Ke1 Kf6 38. Nd7+ Ke6 39. Rb7 Rc1+
40. Kd2 Rc6 41. Nb8 Rd6+ 42. Ke3 a5 43. Rb2 Ke5 44. Ke2 a4 45. Rb4 Nd5 46. Rc4
Nb6 47. Rb4 Kf5 48. f3 exf3+ 49. Kxf3 a3 50. g4+ Kg5 51. Rb3 Nc4 52. Kg3 Rd1
53. h4+ Kf6 54. Rc3 Rg1+ 55. Kh3 Ne5 56. Rxa3 Nxg4 57. Rf3+ Ke5 58. Nc6+ Kd6
59. Nd4 Ne5 60. Rf6+ Kc5 61. Nb3+ Kd5 62. Rf4 g5 63. hxg5 hxg5 64. Rf8 Ng6 65.
Rf2 Nf4+ 66. Kh2 Rg4 67. Rb2 Kc4 68. Rd2 Kc3 69. Rf2 Kd3 70. Nc5+ Kd4 71. Nd7
Ke3 72. Rb2 Rh4+ 73. Kg3 Ne2+ 74. Kg2 Rg4+ 75. Kh3 Rg1 1/2-1/2

[Event "12. Online Aktivschach WM"]
[Site "Schachcomputer.info"]
[Date "2016.01.10"]
[Round "8.3"]
[White "Revelation II Lyon"]
[Black "Tasc CM 32 MHz King 2.54"]
[Result "1-0"]
[WhiteElo "2310"]
[BlackElo "2376"]
[PlyCount "137"]

1. Nf3 Nc6 2. d4 d5 3. c4 Bg4 4. e3 e6 5. Nc3 Bb4 6. Qb3 Bxf3 7. gxf3 Nge7 8.
Bd2 O-O 9. f4 Rb8 10. O-O-O Qd6 11. Qc2 Bxc3 12. Bxc3 dxc4 13. Bxc4 b5 14. Bd3
f5 15. Kb1 Nd5 16. Rhg1 Rf6 17. Rc1 Rh6 18. Rg2 Ncb4 19. Bxb4 Nxb4 20. Qb3 Nxd3
21. Qxd3 Qd5 22. Rcg1 g6 23. Qa3 Qe4+ 24. Ka1 Qd5 25. Qe7 Qc6 26. h4 Re8 27.
Qg5 Kg7 28. h5 Qd5 29. Rg3 Qd6 30. hxg6 hxg6 31. Qxh6+ Kxh6 32. Rxg6+ Kh7 33.
R6g2 Qf8 34. Rh2+ Qh6 35. Rxh6+ Kxh6 36. a3 Rc8 37. b4 Kh7 38. Kb2 Kh6 39. Kc3
Rd8 40. Rc1 Rd6 41. Kd2 c6 42. Kd3 Kg6 43. f3 Kf6 44. e4 Kf7 45. e5 Rd8 46.
Rxc6 Rd7 47. Rc5 Rb7 48. d5 exd5 49. Kd4 Ke7 50. Rc6 Rd7 51. Rf6 Rc7 52. Rxf5
a5 53. bxa5 Ra7 54. Rf6 Rxa5 55. f5 Ra4+ 56. Kxd5 Ra5 57. Kc6 Rxa3 58. Kxb5
Rxf3 59. Kc4 Rf1 60. Kd4 Rd1+ 61. Ke4 Re1+ 62. Kf4 Rf1+ 63. Kg5 Re1 64. Rb6
Rxe5 65. Kg6 Kd7 66. f6 Kc7 67. Rb2 Re6 68. Rf2 Kd6 69. Kg7 1-0

[Event "12. Online Aktivschach WM"]
[Site "Schachcomputer.info"]
[Date "2016.01.13"]
[Round "8.4"]
[White "Tasc R30 V2.2"]
[Black "Tasc R30 Gideon"]
[Result "1-0"]
[WhiteElo "2367"]
[BlackElo "2318"]
[PlyCount "139"]

1. e4 c5 2. Nf3 Nc6 3. d4 cxd4 4. Nxd4 Nf6 5. Nc3 g6 6. Nxc6 bxc6 7. e5 Ng8 8.
Bc4 Bg7 9. Bf4 Qa5 10. O-O Bxe5 11. Bxe5 Qxe5 12. Re1 Qf4 13. Re4 Qf6 14. Re3
d5 15. Bxd5 Bf5 16. Re6 Bxe6 17. Bxc6+ Kf8 18. Bxa8 Nh6 19. Bd5 Nf5 20. Bxe6
Qxe6 21. Qd3 Kg7 22. Rd1 Rc8 23. Qd7 Qxd7 24. Rxd7 a6 25. g4 Nh6 26. f3 Ng8 27.
Ra7 Rc6 28. h4 f5 29. g5 Rd6 30. Kf1 Kf7 31. Ne2 Rd2 32. Rc7 Rd6 33. Kf2 Rb6
34. b3 Rd6 35. Ke3 Ke8 36. f4 Rd7 37. Rc5 Rd6 38. Nd4 Kd7 39. Nf3 Kd8 40. Ne5
Rb6 41. c3 e6 42. Nc4 Rb7 43. Rc6 Ne7 44. Rxe6 Nd5+ 45. Kf3 Nxc3 46. Rxa6 Nb5
47. Ne5 Ke8 48. Ke3 Nc3 49. Ra5 Ke7 50. Kd3 Ne4 51. b4 Ke6 52. Nc6 Kd6 53. Ra6
Kd5 54. a4 Rc7 55. Ne5 Rc3+ 56. Ke2 Ng3+ 57. Kd2 Ne4+ 58. Ke1 Kd4 59. Rc6 Rb3
60. b5 Ke3 61. Kd1 Kxf4 62. Kc2 Rh3 63. b6 Kxe5 64. b7 Rh2+ 65. Kc1 Rh1+ 66.
Kb2 Kd5 67. Rc2 Rxh4 68. b8=Q Rg4 69. Re2 Ke6 70. a5 1-0

[Event "12. Online Aktivschach WM"]
[Site "Schachcomputer.info"]
[Date "2016.01.17"]
[Round "8.5"]
[White "Tasc CM 32 MHz Gideon 3.0"]
[Black "Mephisto Atlanta 32 MHz"]
[Result "1-0"]
[WhiteElo "2353"]
[BlackElo "2301"]
[PlyCount "109"]

1. e4 e5 2. Nf3 Nf6 3. Nxe5 d6 4. Nf3 Nxe4 5. d4 d5 6. Bd3 Nc6 7. O-O Bg4 8. c4
Nf6 9. cxd5 Qxd5 10. Nc3 Qh5 11. Re1+ Be7 12. Be2 O-O 13. h3 Be6 14. Ng5 Qh4
15. Bb5 Qxd4 16. Nxe6 Qxd1 17. Nxd1 fxe6 18. Bxc6 bxc6 19. Rxe6 Bd6 20. Bd2
Rae8 21. Rxe8 Rxe8 22. Rc1 Re6 23. Kf1 Be5 24. Rc4 Rd6 25. Ke2 a6 26. f4 Bd4
27. Bb4 Re6+ 28. Kf3 Bb6 29. f5 Re5 30. g4 Rd5 31. Nf2 Bxf2 32. Kxf2 Rd3 33. h4
h5 34. g5 Ng4+ 35. Ke2 Re3+ 36. Kd2 Rh3 37. Rd4 Rh2+ 38. Kd3 g6 39. f6 Rxh4 40.
Rd8+ Kf7 41. Rf8+ Ke6 42. Re8+ Kf7 43. Re7+ Kg8 44. Bc5 Rh3+ 45. Ke4 Kh8 46.
Re8+ Kh7 47. f7 Rh4 48. f8=Q Nf6+ 49. Kd3 Nxe8 50. Qf7+ Kh8 51. Qxe8+ Kh7 52.
Qe7+ Kg8 53. Qf8+ Kh7 54. Qh6+ Kg8 55. Qxg6+ 1-0

[Event "12. Online Aktivschach WM"]
[Site "Schachcomputer.info"]
[Date "2016.01.12"]
[Round "8.6"]
[White "Fidelity Elite V11"]
[Black "Mephisto Atlanta"]
[Result "1/2-1/2"]
[WhiteElo "2333"]
[BlackElo "2266"]
[PlyCount "125"]

1. e4 g6 2. d4 Bg7 3. c4 d6 4. Nc3 Nd7 5. f4 c5 6. Be3 cxd4 7. Bxd4 e5 8. Be3
exf4 9. Bxf4 Bxc3+ 10. bxc3 Ngf6 11. Qd4 O-O 12. Bxd6 Re8 13. e5 Ng4 14. Be2
Ndxe5 15. Bxe5 Nxe5 16. Qxd8 Rxd8 17. Nf3 Nd3+ 18. Bxd3 Rxd3 19. Rc1 Be6 20.
O-O Rad8 21. a3 Kg7 22. Ne5 Rd2 23. Rb1 b6 24. Nc6 R8d7 25. Nd4 Kh6 26. Rb4 Rc7
27. Nxe6 fxe6 28. Rf2 Rd3 29. Rf3 Rcd7 30. Rxd3 Rxd3 31. Ra4 a5 32. c5 bxc5 33.
Rc4 Rd1+ 34. Kf2 Rd5 35. h3 Kg7 36. Ke3 Re5+ 37. Kf2 Rf5+ 38. Ke3 Rg5 39. g4 h5
40. Ra4 Kf6 41. Kf4 Rd5 42. Rxa5 Rd3 43. Rxc5 Rxh3 44. gxh5 gxh5 45. Ke4 Rh4+
46. Ke3 e5 47. c4 Kf5 48. a4 Rh3+ 49. Kf2 Kf4 50. Rc8 Rh2+ 51. Kf1 Ra2 52. c5
Ke4 53. Rh8 Rxa4 54. Rxh5 Ra1+ 55. Ke2 Rc1 56. Rh3 Rxc5 57. Re3+ Kf5 58. Rf3+
Ke6 59. Re3 Rc1 60. Kd3 Kd5 61. Ke2 Rh1 62. Rd3+ Kc4 63. Rd8 1/2-1/2

[Event "12. Online Aktivschach WM"]
[Site "Schachcomputer.info"]
[Date "2016.01.04"]
[Round "8.7"]
[White "Novag Star Diamond"]
[Black "Resurrection Ruffian"]
[Result "0-1"]
[WhiteElo "2183"]
[BlackElo "2379"]
[PlyCount "107"]

1. f4 Nf6 2. Nf3 g6 {*} 3. e3 {*} d5 4. d3 Bg7 5. Nc3 Nc6 6. Ne5 O-O 7. d4 Nxe5
8. dxe5 Ne4 9. Qxd5 Nxc3 10. Qxd8 Rxd8 11. bxc3 Bf5 12. Ba3 Kf8 13. Rb1 b6 14.
Rc1 f6 15. exf6 Bxf6 16. Bb2 Be4 17. h4 Rd6 18. a4 Rad8 19. h5 gxh5 20. a5 h4
21. axb6 cxb6 22. Ra1 Bxc2 23. Be2 Rd2 24. Rh2 Bb3 25. Ba3 Bxc3 26. Rc1 Ba5 27.
Kf2 Ra2 28. Rc7 Rxa3 29. Rxh4 Bg8 30. Rh5 Bb4 31. Rf5+ Kg7 32. Rg5+ Kh8 33. g3
Bd6 34. Rc1 Ra2 35. g4 Rd2 36. Rh5 Bf7 37. Rh3 Kg8 38. Kf3 Bd5+ 39. Kf2 a5 40.
Rh5 Be4 41. Ke1 Ba3 42. Rc7 Bb4 43. Kf1 Kf8 44. Rh6 Bd6 45. Rc4 Bg6 46. Rh4 Kg7
47. f5 Be8 48. Rc1 a4 49. g5 a3 50. f6+ exf6 51. gxf6+ Kxf6 52. Rxh7 a2 53. Ra7
Be5 54. e4 0-1

[Event "12. Online Aktivschach WM"]
[Site "Schachcomputer.info"]
[Date "2016.01.03"]
[Round "8.8"]
[White "Saitek Risc 2500"]
[Black "Mephisto London 68030"]
[Result "0-1"]
[WhiteElo "2244"]
[BlackElo "2339"]
[PlyCount "97"]

1. e4 Nf6 2. e5 Nd5 3. d4 d6 4. Nf3 g6 5. Bc4 c6 6. O-O Bg7 7. exd6 Qxd6 8. Re1
Bg4 9. h3 Bxf3 10. Qxf3 e6 11. Nc3 O-O 12. Bg5 Nxc3 13. bxc3 Nd7 14. Rad1 Qa3
15. Bb3 Qa5 16. Be7 Rfe8 17. Bd6 Rad8 18. Rb1 Qg5 19. Bc7 Rc8 20. Bg3 Red8 21.
Bf4 Qf5 22. Qe3 c5 23. Bd6 c4 24. Ba4 Nb6 25. Be7 Nxa4 26. Bxd8 Rxd8 27. Rxb7
Qa5 28. Qf3 Rf8 29. Qe2 Qxc3 30. Rxa7 Nb6 31. a4 Nd5 32. Rd1 Bxd4 33. Rb7 Nf4
34. Qe4 Qg3 35. Kh1 Bxf2 36. Qf3 Qxf3 37. gxf3 Be3 38. Rc7 Nxh3 39. Rdd7 Ng5
40. Kg2 Rb8 41. Rd1 Rb4 42. Rc8+ Kg7 43. Ra1 Bd4 44. Ra3 e5 45. Kg3 c3 46. Ra1
h5 47. Kg2 Rb2 48. Rc1 Be3 49. Rxc3 {Aufgegeben} 0-1

[Event "12. Online Aktivschach WM"]
[Site "Schachcomputer.info"]
[Date "2016.01.07"]
[Round "8.9"]
[White "Mephisto Montreux"]
[Black "Revelation II London"]
[Result "1-0"]
[WhiteElo "2257"]
[BlackElo "2400"]
[PlyCount "83"]

1. e4 c6 2. c4 d5 3. exd5 cxd5 4. d4 Nf6 5. Nc3 e6 6. Nf3 Be7 7. cxd5 Nxd5 8.
Bd3 O-O 9. O-O Nc6 10. Re1 Ncb4 11. Bb1 Qd6 12. Ne5 a6 13. a3 Nc6 14. Nxd5 Qxd5
15. Be4 Qd6 16. Bf4 Nxe5 17. Bxe5 Qb6 18. Re3 f5 19. Rb3 Qa7 20. Bf3 Bg5 21.
Qd3 Rd8 22. Rd1 Be7 23. Qe3 h6 24. Qc3 Bd6 25. Qa5 Rd7 26. Bd5 exd5 27. Qxd5+
Kh8 28. Bxd6 Qb8 29. Re1 Qxd6 30. Re8+ Kh7 31. Qg8+ Kg6 32. Re6+ Qxe6 33. Qxe6+
Kh7 34. Qxf5+ Kg8 35. Re3 Rd8 36. Qg6 Bf5 37. Qxf5 Rxd4 38. Kf1 Rf8 39. Qe6+
Kh8 40. Qe7 Rdf4 41. Rf3 Rxf3 42. gxf3 1-0

[Event "12. Online Aktivschach WM"]
[Site "Schachcomputer.info"]
[Date "2016.01.01"]
[Round "8.10"]
[White "Millennium ChessGenius"]
[Black "Millennium ChessGenius 80 MHz"]
[Result "1/2-1/2"]
[WhiteElo "2200"]
[BlackElo "2250"]
[Annotator "Wiselius,Paul"]
[PlyCount "188"]

1. e4 c6 2. d4 d5 3. Nc3 dxe4 4. Nxe4 Nf6 5. Ng3 Nbd7 6. Nf3 e6 7. Bd3 c5 8.
O-O cxd4 9. Nxd4 Bc5 10. Nf3 O-O {* errechnet} 11. c3 {errechnet} Qc7 12. Qe2
b6 13. Be3 Bb7 14. Bxc5 Nxc5 15. Bc2 Ba6 16. c4 Rfd8 17. Rad1 Qf4 18. b3 Bb7
19. Qe5 Qxe5 20. Nxe5 h6 21. Rfe1 Rac8 22. a3 Kf8 23. h3 a5 24. f3 Kg8 25. Kh1
Kf8 26. Kh2 Ra8 27. Kg1 Rac8 28. Kh2 Ra8 {...remise?...} 29. b4 {...nein!?...}
axb4 30. axb4 Na6 31. b5 Nc5 32. Bb1 Nb3 33. Kg1 Rac8 34. Rxd8+ Rxd8 35. Bc2
Nc5 36. Kf1 Rd4 37. Ke2 Nfd7 38. Ke3 Rd6 39. Nxd7+ Rxd7 40. Ra1 e5 41. Nf5 h5
42. Ng3 Rd4 43. Nxh5 Rxc4 44. Bd1 f5 45. Kf2 Rb4 46. Be2 g6 47. Ng3 Rb2 48. Ra7
f4 49. Nf1 e4 50. Ke1 Rb1+ 51. Kd2 e3+ 52. Nxe3 fxe3+ 53. Kxe3 {...der
figurengewinn ist da, aber jetzt soll das spiel noch gewonnen werden...} Rb3+
54. Kd4 Rb2 55. Ke3 g5 56. Bf1 Ke8 57. Be2 Bd5 58. Bf1 Rb4 59. Rh7 Ne6 60. Rh8+
Kd7 61. Rg8 Kd6 62. Rg6 Kc5 63. Kf2 Ra4 64. Ke3 Ra3+ 65. Kf2 Ra1 66. Rg8 Kd4
67. Rb8 Ra2+ 68. Kg1 Kc5 69. Rc8+ Kb4 70. Rb8 Bc4 71. Bxc4 Kxc4 72. h4 Nf4 73.
Rxb6 Rxg2+ 74. Kh1 Rg3 75. hxg5 {...und jetzt kann weiss nicht mehr verlieren,
schwarz soll aber noch aufpassen...} Rh3+ 76. Kg1 Rxf3 77. Rh6 Kxb5 {...jetzt
kann aber nichts mehr passieren...} 78. Kh2 Rc3 79. Rh4 Ng6 80. Rh6 Ne5 81. Re6
Ng4+ 82. Kg2 Rc5 83. g6 Nh6 84. Kf3 Rg5 85. Kf4 Rg2 86. g7 Ng8 87. Re5+ Kc6 88.
Rg5 Rf2+ 89. Ke3 Rh2 90. Ra5 Rg2 91. Ra7 Kd6 92. Kf3 Rg1 93. Kf2 Rg5 94. Ra6+
Ke7 {...und die operator einigten sich auf remise :)...} 1/2-1/2

[Event "12. Online Aktivschach WM"]
[Site "Schachcomputer.info"]
[Date "2016.01.02"]
[Round "8.11"]
[White "Mephisto Magellan"]
[Black "Pewatronic Master Chess"]
[Result "1/2-1/2"]
[WhiteElo "2239"]
[BlackElo "2203"]
[PlyCount "97"]

1. d4 Nf6 2. Nf3 e6 3. c4 b6 4. Nc3 Bb7 5. Bg5 Be7 6. e3 h6 7. Bh4 O-O 8. Bd3
c5 9. O-O d5 {*} 10. cxd5 exd5 11. Ne5 {*} a6 12. Qf3 Nbd7 13. Qf5 Re8 14. Nxd7
Qxd7 15. Rfd1 Rad8 16. Rac1 Ne4 17. Qxd7 Rxd7 18. Bxe7 Nxc3 19. Rxc3 cxd4 20.
exd4 Rdxe7 21. f4 Kf8 22. Kf2 b5 23. h3 Ba8 24. Rd2 Bb7 25. Re2 Rxe2+ 26. Bxe2
Rc8 27. Bf3 Rc6 28. a3 Ke7 29. g4 Ke6 30. h4 Rc4 31. Rxc4 bxc4 32. Bd1 f5 33.
g5 hxg5 34. hxg5 Bc6 35. Ke3 a5 36. b3 g6 37. Kd2 Bb5 38. bxc4 Bxc4 39. Ba4 Kf7
40. Bc6 Ke7 41. Kd1 Kf7 42. Ke1 Kf8 43. Ba4 Bd3 44. Bb3 Be4 45. Kf2 Ke8 46.
Ba4+ Kf7 47. Bc6 Kf8 48. Kf1 Bf3 49. Bb5 1/2-1/2

[Event "12. Online Aktivschach WM"]
[Site "Schachcomputer.info"]
[Date "2016.01.03"]
[Round "8.12"]
[White "Fidelity Designer 68030 50 MHz"]
[Black "Mephisto Chess Explorer 32 MHz"]
[Result "1/2-1/2"]
[WhiteElo "2180"]
[BlackElo "2150"]
[PlyCount "119"]

1. d4 d5 2. c4 c6 3. Nf3 Nf6 4. Nc3 dxc4 5. a4 Bf5 6. Ne5 e6 7. f3 c5 8. e3
cxd4 9. Qxd4 Qxd4 10. exd4 Nfd7 11. Bxc4 Nxe5 12. dxe5 Nc6 13. Bb5 Bc5 14. Bf4
O-O 15. Bxc6 bxc6 16. O-O-O Rad8 17. g4 Bg6 18. h4 h6 19. h5 Bd3 20. g5 hxg5
21. Bxg5 f6 22. exf6 gxf6 23. Bd2 Kh7 24. h6 Bd4 25. Rh2 Bc4 26. Rdh1 Bb3 27.
a5 Rg8 28. Ne4 Rg6 29. Kb1 Rdg8 30. Rh5 Rg1+ 31. Bc1 R1g2 32. R5h4 c5 33. Rh5
Bd5 34. R5h2 f5 35. Rxg2 Rxg2 36. Ng5+ Kh8 37. h7 e5 38. Rh6 f4 39. Rd6 Rxg5
40. Rxd5 Kxh7 41. Bxf4 Rg1+ 42. Bc1 Be3 43. Rxe5 Rxc1+ 44. Ka2 Bd4 45. Re7+ Bg7
46. Rxa7 Rc4 47. Ka3 Rf4 48. Rd7 Rxf3+ 49. Ka4 Kg6 50. Rd2 Rf1 51. a6 Ra1+ 52.
Kb5 Kf5 53. Kb6 Ke4 54. a7 c4 55. Kb7 c3 56. bxc3 Rb1+ 57. Kc8 Ra1 58. Kb7 Rb1+
59. Kc6 Ra1 60. Kb7 1/2-1/2

[Event "12. Online Aktivschach WM"]
[Site "Schachcomputer.info"]
[Date "2016.01.03"]
[Round "8.13"]
[White "Novag Sapphire II"]
[Black "Mephisto Chess Challenger 40 MHz"]
[Result "1/2-1/2"]
[WhiteElo "2153"]
[BlackElo "2200"]
[PlyCount "173"]

1. c4 c5 2. Nc3 Nf6 3. g3 g6 4. Bg2 Bg7 5. Nf3 O-O 6. d4 cxd4 7. Nxd4 Nc6 8.
O-O Nxd4 9. Qxd4 d6 10. Bg5 Ng4 11. Qd2 f6 12. Bf4 g5 13. Be3 Qe8 14. Qd5+ Qf7
15. Bc1 Be6 16. Qe4 Rab8 17. h3 Ne5 18. Be3 Bxc4 19. Bxa7 f5 20. Qc2 Ra8 21.
Bd4 e6 22. Rfd1 Ba6 23. Rac1 Rac8 24. e3 f4 25. exf4 gxf4 26. Kh2 Bh6 27. Bxe5
dxe5 28. Ra1 Rfd8 29. Be4 Rd4 30. Rab1 Bc4 31. Ne2 fxg3+ 32. Kxg3 Bf4+ 33. Kg2
Rxe4 34. Qxe4 Bd5 35. Rxd5 exd5 36. Qf3 Qg6+ 37. Qg4 Bh6 38. Kh1 Rc2 39. Nc3
Qxg4 40. hxg4 Rxf2 41. Nxd5 Rc2 42. Re1 Bg7 43. Rb1 Rd2 44. Nc3 Rf2 45. g5 Rc2
46. Ne4 b6 47. Kg1 h6 48. gxh6 Bxh6 49. Kf1 Kf7 50. a4 Ke6 51. b3 Bf4 52. Rd1
Rb2 53. Rd3 Rh2 54. Ke1 Kf5 55. Nd6+ Kg4 56. Kf1 Rc2 57. Ke1 Rg2 58. Kd1 Rg1+
59. Ke2 Rh1 60. Kf2 Rc1 61. Ke2 Rc6 62. Rd1 Rc3 63. Rg1+ Kh3 64. Rb1 Re3+ 65.
Kf2 Rd3 66. Nc4 e4 67. Ke1 Rg3 68. Kf1 Rg6 69. Re1 Re6 70. Ke2 Bh6 71. Ne3 Bf8
72. Rh1+ Kg3 73. Rg1+ Kh2 74. Rg8 Ba3 75. Kf2 Rf6+ 76. Ke1 Rf8 77. Rg6 Bc5 78.
Nc4 Rf3 79. Nd2 Rc3 80. Kf1 Kh3 81. Rh6+ Kg4 82. Nxe4 Rxb3 83. Nxc5 bxc5 84. a5
Ra3 85. a6 Ra2 86. Ke1 Kf3 87. Re6 1/2-1/2

[Event "12. Online Aktivschach WM"]
[Site "Schachcomputer.info"]
[Date "2016.01.26"]
[Round "8.14"]
[White "Mephisto Milano Pro"]
[Black "Revelation II Diablo"]
[Result "1/2-1/2"]
[WhiteElo "2163"]
[BlackElo "2169"]
[PlyCount "121"]

1. e4 c5 2. Nf3 Nc6 3. d4 cxd4 4. Nxd4 e6 5. Nb5 d6 6. c4 Nf6 7. N1c3 a6 8. Na3
Be7 9. Be2 O-O 10. O-O Qb6 11. Rb1 Bd7 12. b4 Rfc8 13. Be3 Qd8 14. f4 a5 15. b5
Nb4 16. Bd4 Bf8 17. Nc2 Nxc2 18. Qxc2 Be8 19. Rfd1 Nd7 20. Ra1 Nc5 21. Rac1 Qh4
22. g3 Qh6 23. Bf1 b6 24. Bg2 f6 25. Bxc5 dxc5 26. e5 Ra7 27. exf6 Qxf6 28. Qe2
Qf5 29. Bf3 Bf7 30. Rc2 Re8 31. Be4 Qh3 32. Rcd2 Bh5 33. Bf3 Bxf3 34. Qxf3 a4
35. Qc6 Raa8 36. Nxa4 Rec8 37. Qd7 Rcb8 38. Nc3 Rc8 39. Re1 Re8 40. Qc6 Rab8
41. Nd5 Rbc8 42. Nc7 Red8 43. Rd7 Qf5 44. a3 Qg4 45. a4 h6 46. Re3 Qf5 47. Re2
Kh8 48. Rxd8 Rxd8 49. Qxb6 Rd1+ 50. Kf2 e5 51. Qe6 Qh5 52. Rxe5 Qxh2+ 53. Kf3
Rd3+ 54. Re3 Qh1+ 55. Kf2 Qh2+ 56. Kf1 Rd1+ 57. Re1 Rd2 58. Re2 Rd1+ 59. Re1
Rd2 60. Re2 Rd1+ 61. Re1 1/2-1/2

[Event "12. Online Aktivschach WM"]
[Site "Schachcomputer.info"]
[Date "2016.05.09"]
[Round "9.1"]
[White "Tasc R30 V2.5"]
[Black "Tasc R30 V2.23"]
[Result "0-1"]
[WhiteElo "2368"]
[BlackElo "2367"]
[PlyCount "121"]
[EventDate "2016.??.??"]

1. Nf3 Nc6 2. e4 e5 3. Bc4 Nf6 4. d4 exd4 5. O-O Nxe4 6. Re1 d5 7. Bxd5 Qxd5 8.
Nc3 Qh5 9. Nxe4 Be6 10. Bg5 Bb4 11. Nxd4 Qxd1 12. Rexd1 Nxd4 13. Rxd4 Be7 14.
Bxe7 Kxe7 15. Nc5 Rhd8 16. Rh4 Rd2 17. Nxe6 Kxe6 18. Rc1 Rad8 19. Kf1 h6 20.
Ra4 a6 21. Re1+ Kf6 22. Rc4 c6 23. Rf4+ Kg6 24. Rg4+ Kh7 25. Rc4 R8d7 26. Re2
R2d5 27. Rce4 Rd1+ 28. Re1 R1d2 29. R1e2 c5 30. Re8 Rd1+ 31. Re1 R7d2 32. R8e7
Rxe1+ 33. Kxe1 Rxc2 34. Rxb7 Kg6 35. h4 c4 36. Rb6+ Kf5 37. Rb7 Ke6 38. Rb6+
Kd5 39. Rb7 Kc6 40. Rxf7 Rxb2 41. Rxg7 Rxa2 42. Rg6+ Kd5 43. Rxh6 c3 44. Kd1 a5
45. Rf6 a4 46. g4 a3 47. Rf5+ Kc4 48. Rf8 Rd2+ 49. Kc1 a2 50. Rc8+ Kd3 51. Rd8+
Ke4 52. f3+ Kxf3 53. Ra8 Kxg4 54. Ra4+ Kf3 55. Ra8 Rg2 56. Rf8+ Kg4 57. Ra8
Kxh4 58. Ra7 Kg5 59. Ra8 a1=Q+ 60. Rxa1 Rg1+ 61. Kc2 0-1

[Event "12. Online Aktivschach WM"]
[Site "Schachcomputer.info"]
[Date "2016.05.09"]
[Round "9.2"]
[White "Tasc R30 V2.2"]
[Black "Tasc CM 32 MHz Gideon 3.1"]
[Result "0-1"]
[WhiteElo "2367"]
[BlackElo "2377"]
[PlyCount "88"]
[EventDate "2016.??.??"]

1. e4 c6 2. d4 d5 3. Nc3 b5 4. a3 dxe4 5. Nxe4 Bf5 6. Ng3 Bg6 7. h4 h5 8. Nf3
Nd7 9. Bd3 Bxd3 10. Qxd3 e6 11. Bf4 Ngf6 12. O-O Be7 13. Ne4 Nxe4 14. Qxe4 Rc8
15. Rfe1 Bxh4 16. a4 b4 17. Qd3 O-O 18. Nxh4 Qxh4 19. Bg3 Qe7 20. Rad1 Rfd8 21.
c4 bxc3 22. bxc3 h4 23. Bh2 Qg5 24. Qa6 h3 25. Bg3 hxg2 26. Kxg2 Qd5+ 27. f3
Qb3 28. Rc1 c5 29. Qxa7 cxd4 30. Bc7 Re8 31. Bd6 Nb6 32. Kh1 Rc6 33. Be5 Rxc3
34. Rxc3 Qxc3 35. Rf1 Qd3 36. Rf2 Qe3 37. Rf1 Qe2 38. Ra1 Qxf3+ 39. Kg1 Qe3+
40. Kf1 Qxe5 41. Qxb6 Rb8 42. Qc6 d3 43. Re1 Qf4+ 44. Kg1 d2 0-1

[Event "12. Online Aktivschach WM"]
[Site "Schachcomputer.info"]
[Date "2016.05.08"]
[Round "9.3"]
[White "Resurrection Ruffian"]
[Black "Revelation II Lyon"]
[Result "1/2-1/2"]
[WhiteElo "2379"]
[BlackElo "2310"]
[PlyCount "130"]
[EventDate "2016.??.??"]

1. d4 d5 2. c4 dxc4 3. Nf3 Nf6 4. e3 Bg4 5. Bxc4 e6 6. Nc3 a6 7. O-O {*} c5 8.
dxc5 Qxd1 9. Rxd1 Bxf3 10. gxf3 Bxc5 11. Na4 Ba7 12. Be2 O-O 13. b3 Nbd7 14.
Ba3 Rfc8 15. Rac1 Nd5 16. e4 N5f6 17. Nc3 Bb8 18. Rc2 Be5 19. Rdc1 Bf4 20. Rd1
Rc7 21. Bb4 Rac8 22. a4 Rc6 23. Bf1 Be5 24. Rdc1 Bd4 25. Bc4 Ne5 26. Ne2 Bb6
27. Kg2 h6 28. a5 Nxc4 29. Rxc4 Rxc4 30. bxc4 Bc5 31. Rb1 Bxb4 32. Rxb4 Rc7 33.
h3 Kf8 34. Nc1 g5 35. Nd3 Kg7 36. Kg3 h5 37. Kg2 Kg6 38. Ne5+ Kh7 39. Kf1 Kg7
40. Nd3 Nd7 41. f4 g4 42. hxg4 hxg4 43. Kg2 Kg6 44. Kg3 f5 45. f3 gxf3 46. Kxf3
fxe4+ 47. Kxe4 Kf6 48. Kd4 Kf5 49. Rb2 Nb8 50. Rg2 Nc6+ 51. Ke3 Kf6 52. Rg5 Ne7
53. Ne5 Nf5+ 54. Ke4 Ke7 55. Rg2 Rc5 56. Ra2 Ke8 57. Kd3 Ke7 58. Kc3 Nd6 59.
Kd4 Rc7 60. Rh2 Kf6 61. Rh6+ Kf5 62. c5 Nb5+ 63. Ke3 Nc3 64. Rh5+ Kf6 65. Ng4+
Kg7 1/2-1/2